[Event "Nutcracker Rapid w 2017"]
[Site "Moscow RUS"]
[Date "2017.12.23"]
[Round "1.1"]
[White "Grabuzova, Tatiana"]
[Black "Maltsevskaya, Aleksandra"]
[Result "0-1"]
[WhiteTitle "WGM"]
[WhiteElo "2309"]
[BlackElo "2276"]
[WhiteTeam "Queens"]
[BlackTeam "Princesses"]
[WhiteFideId "4108752"]
[BlackFideId "24174041"]
[EventDate "2017.12.23"]
[EventType "schev (rapid)"]

1. d4 Nf6 2. c4 g6 3. Nc3 Bg7 4. e4 d6 5. Nf3 O-O 6. Be2 e5 7. dxe5 dxe5 8. Qxd8
Rxd8 9. Nd5 Nxd5 10. cxd5 c6 11. Bc4 Nd7 12. Bg5 Re8 13. dxc6 bxc6 14. O-O Nc5
15. Nd2 Ne6 16. Bxe6 Bxe6 17. Rfc1 Rec8 18. Nc4 Rcb8 19. Be3 Rb5 20. b3 Bf8 21.
Rc2 f6 22. Rd1 Rbb8 23. Kf1 c5 24. Nd6 a5 25. Bxc5 Ra6 26. Rcd2 Rc6 27. Ba3 a4
28. bxa4 Ra8 29. Nb5 Bxa3 30. Nxa3 Rxa4 31. Nc2 Rxe4 32. Ne3 Ra4 33. Rb1 Rxa2
34. Rxa2 Bxa2 35. Rb7 Bf7 36. h4 f5 37. g3 Kg7 38. Rd7 Rc5 39. Ra7 f4 40. gxf4
exf4 41. Ng2 f3 42. Ne1 Rc1 43. Re7 Kf6 44. Re4 Bd5 45. Rb4 Ke5 46. Ra4 Bc6 47.
Rb4 Bd7 48. Rb3 Bh3+ 0-1

[Event "Nutcracker Rapid w 2017"]
[Site "Moscow RUS"]
[Date "2017.12.23"]
[Round "1.2"]
[White "Strutinskaia, Galina"]
[Black "Dimitrova, Aleksandra"]
[Result "1-0"]
[WhiteTitle "WGM"]
[BlackTitle "WIM"]
[WhiteElo "2243"]
[BlackElo "2274"]
[WhiteTeam "Queens"]
[BlackTeam "Princesses"]
[WhiteFideId "4108558"]
[BlackFideId "24173371"]
[EventDate "2017.12.23"]
[EventType "schev (rapid)"]

1. d4 Nf6 2. c4 e6 3. Nc3 Bb4 4. Bd2 O-O 5. Nf3 b6 6. a3 Bxc3 7. Bxc3 Ne4 8. Rc1
Bb7 9. e3 Nxc3 10. Rxc3 d6 11. Be2 Nd7 12. O-O Nf6 13. b4 c5 14. Nd2 Qe7 15. Qc2
e5 16. d5 cxb4 17. axb4 a5 18. Rb3 Rfc8 19. bxa5 Bxd5 20. Qb2 Bc6 21. axb6 Qb7
22. Bf3 Bxf3 23. gxf3 Ra6 24. Ra1 Rca8 25. Rba3 Rxa3 26. Rxa3 Rb8 27. Ra7 Qc6
28. Rc7 Qe8 29. b7 g6 30. Qb6 Qd8 31. Qc6 Ne8 32. Rc8 1-0

[Event "Nutcracker Rapid w 2017"]
[Site "Moscow RUS"]
[Date "2017.12.23"]
[Round "1.3"]
[White "Goltseva, Ekaterina"]
[Black "Zaiatz, Elena"]
[Result "1/2-1/2"]
[WhiteTitle "WFM"]
[BlackTitle "IM"]
[WhiteElo "2208"]
[BlackElo "2345"]
[WhiteTeam "Princesses"]
[BlackTeam "Queens"]
[WhiteFideId "24173770"]
[BlackFideId "4139518"]
[EventDate "2017.12.23"]
[EventType "schev (rapid)"]

1. d4 Nf6 2. c4 e6 3. Nf3 Bb4+ 4. Bd2 a5 5. g3 d5 6. Bg2 c6 7. Qc2 O-O 8. O-O
Be7 9. Rd1 b6 10. Bf4 Ba6 11. Ne5 Nfd7 12. cxd5 cxd5 13. e4 Nf6 14. Nc3 Bb7 15.
Rac1 Na6 16. a3 Rc8 17. Qe2 dxe4 18. Nxe4 Nd5 19. Be3 Nb8 20. Qe1 Rxc1 21. Rxc1
f6 22. Nc4 Re8 23. Qd1 b5 24. Ncd2 Nxe3 25. fxe3 Bd5 26. Nb3 f5 27. Nec5 Bg5 28.
Qe2 Bxg2 29. Kxg2 Qd5+ 30. Kf2 e5 31. Qxb5 Nc6 32. Qc4 Qxc4 33. Rxc4 exd4 34.
exd4 Rb8 35. d5 Ne5 36. Rc2 a4 37. Nd4 Ng4+ 38. Kf3 Ne3 39. Re2 Nxd5 40. Nxa4
Bf6 41. Nxf5 g6 42. Nd6 Rb3+ 43. Kg2 Ne3+ 44. Kh1 Rd3 45. h3 Nf1 46. Ne4 Nxg3+
47. Nxg3 Rxg3 48. Kh2 Rb3 49. Kg2 Kf7 50. Rc2 g5 51. Rd2 Be5 52. Rf2+ Kg6 53.
Rf3 Rb8 54. b4 h5 55. Nc5 g4 56. hxg4 hxg4 57. Rb3 Rh8 58. Nd3 Rh2+ 59. Kg1 Bb8
60. b5 g3 61. b6 Kg5 62. Rb4 Rd2 63. Nc5 Rd1+ 64. Kg2 Rd2+ 65. Kf3 Ra2 66. a4 g2
67. Rg4+ Kf5 68. Rxg2 Ra3+ 69. Ke2 Ra2+ 70. Kf1 Ra1+ 71. Kf2 Ra2+ 72. Kf3 Ra3+
73. Kf2 Ra2+ 74. Kf3 Ra3+ 1/2-1/2

[Event "Nutcracker Rapid w 2017"]
[Site "Moscow RUS"]
[Date "2017.12.23"]
[Round "1.4"]
[White "Solozhenkina, Elizaveta"]
[Black "Kovalevskaya, Ekaterina"]
[Result "1-0"]
[WhiteTitle "WIM"]
[BlackTitle "IM"]
[WhiteElo "2230"]
[BlackElo "2405"]
[WhiteTeam "Princesses"]
[BlackTeam "Queens"]
[WhiteFideId "34106615"]
[BlackFideId "4116704"]
[EventDate "2017.12.23"]
[EventType "schev (rapid)"]

1. e4 c5 2. Nf3 Nc6 3. Bb5 g6 4. Bxc6 bxc6 5. O-O Bg7 6. Re1 Nh6 7. c3 O-O 8. d4
cxd4 9. cxd4 d5 10. e5 f6 11. e6 Qd6 12. Qe2 Nf5 13. b3 a5 14. Ba3 Qc7 15. Nc3
Ba6 16. Qc2 Rfc8 17. Rac1 Qf4 18. Na4 Qc7 19. Nc5 Bb5 20. Bb2 a4 21. bxa4 Bc4
22. Bc3 Bh6 23. Rb1 Ra7 24. g3 Rca8 25. Rb2 Nd6 26. Reb1 Ba6 27. Nd2 Kg7 28. Kg2
Bxd2 29. Bxd2 g5 30. h3 Ne4 31. Nxa6 Rxa6 32. Rb7 Qd6 33. Bb4 c5 34. dxc5 Qxe6
35. a5 Re8 36. Rb6 Qc8 37. Rxa6 Qxa6 38. f3 Nxc5 39. Qxc5 Qe2+ 40. Qf2 Qb5 41.
a3 Rc8 42. Re1 e5 43. Qe2 Qa4 44. Rd1 d4 45. Kh2 Rc2 46. Rd2 Rc1 47. Qe4 Qb5 48.
Qe2 Qa4 49. a6 Rc6 50. a7 Rc1 51. Qe4 Qxa7 52. Rc2 Rxc2+ 53. Qxc2 d3 54. Qd2 h6
55. Kg2 Qd4 56. Bc3 Qc4 57. a4 Kg6 58. a5 Qb5 59. Qe3 h5 60. Bd2 Qa6 61. h4 gxh4
62. gxh4 Qb5 63. Qh6+ Kf7 64. Qxh5+ Ke7 65. Qh7+ Ke6 66. Qg8+ Ke7 67. Qg7+ Ke6
68. Qg4+ Kf7 69. h5 Qb2 70. Qc4+ Kg7 71. Qxd3 1-0

[Event "Nutcracker Rapid w 2017"]
[Site "Moscow RUS"]
[Date "2017.12.23"]
[Round "2.1"]
[White "Dimitrova, Aleksandra"]
[Black "Grabuzova, Tatiana"]
[Result "1/2-1/2"]
[WhiteTitle "WIM"]
[BlackTitle "WGM"]
[WhiteElo "2274"]
[BlackElo "2309"]
[WhiteTeam "Princesses"]
[BlackTeam "Queens"]
[WhiteFideId "24173371"]
[BlackFideId "4108752"]
[EventDate "2017.12.23"]
[EventType "schev (rapid)"]

1. e4 e6 2. d4 d5 3. Nd2 c5 4. Ngf3 Nc6 5. exd5 exd5 6. Bb5 Qe7+ 7. Be2 Qc7 8.
O-O Nf6 9. Re1 Be6 10. c3 cxd4 11. Nxd4 Nxd4 12. cxd4 Bd6 13. Bb5+ Nd7 14. Nf3
O-O 15. h3 Nf6 16. Bd3 Qb6 17. b3 Rae8 18. Bg5 Nd7 19. Bc2 h6 20. Qd3 f5 21. Bd2
Nf6 22. Ne5 Ne4 23. Bf4 g5 24. Bh2 f4 25. Nc4 Qc6 26. Nxd6 Qxd6 27. f3 Bf5 28.
fxe4 dxe4 29. Qc4+ Be6 30. Qc5 Qxc5 31. dxc5 Bd5 32. Rad1 Bc6 33. b4 a6 34. a4
e3 35. Rd6 Rd8 36. Red1 Rxd6 37. cxd6 Rd8 38. Kf1 Kf7 39. Bg1 Ke6 40. Bb3+ Ke5
41. g3 Ke4 42. gxf4 gxf4 43. Bc2+ Kf3 44. Rd4 Kg3 45. Bf5 Bxa4 46. d7 Bb5+ 47.
Ke1 Kg2 48. Bxe3 fxe3 49. Be6 Kg3 50. h4 b6 51. Re4 Bxd7 52. Rd4 Bxe6 53. Rxd8
a5 54. bxa5 bxa5 55. Ra8 Kxh4 56. Ke2 Kg4 57. Kxe3 h5 58. Rxa5 h4 59. Ra4+ Kg5
60. Kf3 h3 61. Kg3 Kf6 1/2-1/2

[Event "Nutcracker Rapid w 2017"]
[Site "Moscow RUS"]
[Date "2017.12.23"]
[Round "2.2"]
[White "Goltseva, Ekaterina"]
[Black "Strutinskaia, Galina"]
[Result "0-1"]
[WhiteTitle "WFM"]
[BlackTitle "WGM"]
[WhiteElo "2208"]
[BlackElo "2243"]
[WhiteTeam "Princesses"]
[BlackTeam "Queens"]
[WhiteFideId "24173770"]
[BlackFideId "4108558"]
[EventDate "2017.12.23"]
[EventType "schev (rapid)"]

1. d4 d5 2. c4 e6 3. Nf3 c6 4. e3 Bd6 5. b3 Nd7 6. Bd3 Qe7 7. O-O dxc4 8. bxc4
e5 9. Nbd2 Ngf6 10. Qc2 O-O 11. Bb2 Re8 12. dxe5 Nxe5 13. Nxe5 Bxe5 14. Nf3 Bxb2
15. Qxb2 c5 16. a4 b6 17. a5 Rb8 18. Rfb1 Bg4 19. Be2 h6 20. Qc2 Qe6 21. axb6
axb6 22. h3 Bh5 23. Rb5 Red8 24. Rd1 Bg6 25. Qb3 Rxd1+ 26. Bxd1 Qd6 27. Be2 Be4
28. Qb2 Nd7 29. Rb3 Qc6 30. Ne1 Ra8 31. Bf3 Bxf3 32. Nxf3 Qa4 33. Nd2 Qa1+ 34.
Kh2 Qxb2 35. Rxb2 Kf8 36. Kg3 Ke7 37. Kf3 Kd6 38. Ke2 Kc6 39. Kd3 Ne5+ 40. Kc3
Ra3+ 41. Rb3 Ra2 42. f4 Ng6 43. g3 Ne7 44. e4 Nc8 45. Rb2 Ra3+ 46. Rb3 Ra4 47.
g4 Na7 48. e5 b5 49. f5 Ra2 50. Rb2 b4+ 51. Kc2 Ra6 52. Ne4 Nc8 53. Rb3 Ra2+ 54.
Rb2 Ra1 55. Rb1 Ra2+ 56. Rb2 Ra7 57. Rb3 Re7 58. Re3 Rxe5 59. Kd3 Nd6 60. h4
Nxe4 61. Rxe4 Rxe4 62. Kxe4 f6 63. Kd3 Kd7 64. Ke3 Kd6 65. Ke4 h5 66. gxh5 b3
67. Kd3 Ke5 68. Kc3 Kxf5 69. Kxb3 Ke4 0-1

[Event "Nutcracker Rapid w 2017"]
[Site "Moscow RUS"]
[Date "2017.12.23"]
[Round "2.3"]
[White "Zaiatz, Elena"]
[Black "Solozhenkina, Elizaveta"]
[Result "1-0"]
[WhiteTitle "IM"]
[BlackTitle "WIM"]
[WhiteElo "2345"]
[BlackElo "2230"]
[WhiteTeam "Queens"]
[BlackTeam "Princesses"]
[WhiteFideId "4139518"]
[BlackFideId "34106615"]
[EventDate "2017.12.23"]
[EventType "schev (rapid)"]

1. d4 d5 2. Nf3 Nf6 3. e3 e6 4. Bd3 c5 5. b3 Nc6 6. O-O Bd6 7. Bb2 O-O 8. a3 b6
9. Ne5 Bb7 10. Nd2 Rc8 11. f4 Ne7 12. Qf3 Qc7 13. Qh3 cxd4 14. exd4 Ne4 15. Rae1
h6 16. Bxe4 dxe4 17. c4 f5 18. g4 Bxe5 19. fxe5 fxg4 20. Qxg4 Rxf1+ 21. Nxf1 Nf5
22. Ng3 Rf8 23. Nxe4 Kh8 24. a4 Qe7 25. Nd6 Nxd6 26. exd6 Qf7 27. Qg3 Qd7 28. d5
Rg8 29. Rxe6 Kh7 30. Qg6+ 1-0

[Event "Nutcracker Rapid w 2017"]
[Site "Moscow RUS"]
[Date "2017.12.23"]
[Round "2.4"]
[White "Kovalevskaya, Ekaterina"]
[Black "Maltsevskaya, Aleksandra"]
[Result "1-0"]
[WhiteTitle "IM"]
[WhiteElo "2405"]
[BlackElo "2276"]
[WhiteTeam "Queens"]
[BlackTeam "Princesses"]
[WhiteFideId "4116704"]
[BlackFideId "24174041"]
[EventDate "2017.12.23"]
[EventType "schev (rapid)"]

1. e4 c6 2. d4 d5 3. Nc3 dxe4 4. Nxe4 Bf5 5. Ng3 Bg6 6. Nf3 e6 7. Bd3 Nd7 8. O-O
Ngf6 9. b3 Qc7 10. Bb2 Bxd3 11. Qxd3 g6 12. c4 Bg7 13. d5 O-O 14. dxe6 fxe6 15.
Qe2 Rae8 16. Ne5 Nxe5 17. Bxe5 Qa5 18. Rad1 Rf7 19. Rd3 Nh5 20. Re3 Nxg3 21.
hxg3 Bxe5 22. Rxe5 Qa3 23. Rd1 Qe7 24. Re1 Rf6 25. g4 Qf7 26. f3 h6 27. Qe3 Kg7
28. Qxa7 Qd7 29. Qe3 Qd6 30. Qc3 Kf7 31. Qe3 Kg7 32. Re4 c5 33. Re2 Qd1+ 34. Kf2
Qd6 35. Rd2 Qc6 36. Qd3 Re7 37. Qd6 Qxd6 38. Rxd6 Kf7 39. Re5 Rc7 40. Rb6 Ke7
41. Ke3 g5 42. g3 Kd7 43. f4 gxf4+ 44. gxf4 Rg6 45. Kf3 Rf6 46. f5 Rc6 47. Rxc6
Kxc6 48. Rxe6+ Rxe6 49. fxe6 Kd6 50. Ke4 Kxe6 51. a3 Kf6 52. b4 Kg5 53. Kf3 Kf6
54. bxc5 1-0

[Event "Nutcracker Rapid w 2017"]
[Site "Moscow RUS"]
[Date "2017.12.23"]
[Round "3.1"]
[White "Grabuzova, Tatiana"]
[Black "Goltseva, Ekaterina"]
[Result "0-1"]
[WhiteTitle "WGM"]
[BlackTitle "WFM"]
[WhiteElo "2309"]
[BlackElo "2208"]
[WhiteTeam "Queens"]
[BlackTeam "Princesses"]
[WhiteFideId "4108752"]
[BlackFideId "24173770"]
[EventDate "2017.12.23"]
[EventType "schev (rapid)"]

1. d4 Nf6 2. c4 e6 3. g3 d5 4. Nf3 dxc4 5. Bg2 Bd7 6. Nbd2 Bb4 7. O-O Bxd2 8.
Nxd2 Bc6 9. Bxc6+ Nxc6 10. e3 b5 11. Qf3 Qd5 12. a4 b4 13. Qf4 e5 14. dxe5 Nxe5
15. e4 Qc5 16. Nf3 Nxf3+ 17. Qxf3 O-O 18. Bf4 Rfe8 19. e5 Nd5 20. Rfd1 c6 21.
Rac1 Rad8 22. Be3 Nxe3 23. Qxe3 Qxe3 24. fxe3 Rxd1+ 25. Rxd1 g6 26. Rc1 Rxe5 27.
Rxc4 c5 28. Kf2 Kf8 29. e4 Ke7 30. Kf3 Kd6 31. Rc2 Kc6 32. b3 f5 33. exf5 Rxf5+
34. Ke4 Rf1 35. Rd2 Re1+ 36. Kd3 Rc1 37. Rf2 Rc3+ 38. Ke4 Rxb3 39. Rf6+ Kb7 40.
Kd5 Rc3 41. a5 b3 42. a6+ Kc7 43. Rc6+ Kd7 44. Rb6 Rd3+ 45. Kc4 Rd4+ 46. Kxb3
axb6 47. a7 Rb4+ 48. Ka3 Rb1 49. Ka2 Rb5 0-1

[Event "Nutcracker Rapid w 2017"]
[Site "Moscow RUS"]
[Date "2017.12.23"]
[Round "3.2"]
[White "Strutinskaia, Galina"]
[Black "Solozhenkina, Elizaveta"]
[Result "0-1"]
[WhiteTitle "WGM"]
[BlackTitle "WIM"]
[WhiteElo "2243"]
[BlackElo "2230"]
[WhiteTeam "Queens"]
[BlackTeam "Princesses"]
[WhiteFideId "4108558"]
[BlackFideId "34106615"]
[EventDate "2017.12.23"]
[EventType "schev (rapid)"]

1. d4 Nf6 2. c4 g6 3. g3 Bg7 4. Bg2 d5 5. cxd5 Nxd5 6. e4 Nb6 7. Nc3 Bxd4 8.
Nge2 Bxc3+ 9. bxc3 Qxd1+ 10. Kxd1 O-O 11. Kc2 Nc6 12. Bf4 e5 13. Bh6 Re8 14. h4
Be6 15. h5 Bc4 16. Bf3 Rad8 17. g4 Bd3+ 18. Kc1 f6 19. hxg6 hxg6 20. Be3 Kg7 21.
Ng3 Nc4 22. Bh6+ Kf7 23. g5 Rh8 24. gxf6 Kxf6 25. a4 N6a5 26. Bd1 Kf7 27. Ra2
Rh7 28. Bg5 Rxh1 29. Nxh1 Rh8 30. Ng3 Rh2 31. Bd8 b6 32. Bxc7 Ke7 33. Bb8 Nc6
34. Bxa7 Nxa7 35. Be2 Bxe2 36. Rxe2 Nc6 37. Kc2 N6a5 38. Nf1 Rh1 39. Nd2 Ra1 40.
Nxc4 Nxc4 41. Kb3 Na5+ 42. Kb4 Rb1+ 43. Ka3 Rb3+ 44. Ka2 Rxc3 45. Rb2 Rc6 46.
Rb5 Ke6 0-1

[Event "Nutcracker Rapid w 2017"]
[Site "Moscow RUS"]
[Date "2017.12.23"]
[Round "3.3"]
[White "Maltsevskaya, Aleksandra"]
[Black "Zaiatz, Elena"]
[Result "1-0"]
[BlackTitle "IM"]
[WhiteElo "2276"]
[BlackElo "2345"]
[WhiteTeam "Princesses"]
[BlackTeam "Queens"]
[WhiteFideId "24174041"]
[BlackFideId "4139518"]
[EventDate "2017.12.23"]
[EventType "schev (rapid)"]

1. Nf3 d5 2. g3 g6 3. Bg2 Bg7 4. d4 c6 5. O-O Nf6 6. c4 dxc4 7. Nc3 O-O 8. Qc2
b5 9. Rd1 Nd5 10. a4 b4 11. Ne4 b3 12. Qxc4 Ba6 13. Qxb3 Bxe2 14. Re1 Bxf3 15.
Bxf3 Na6 16. Qc4 Qb6 17. Bd2 Bxd4 18. a5 Bxf2+ 19. Nxf2 1-0

[Event "Nutcracker Rapid w 2017"]
[Site "Moscow RUS"]
[Date "2017.12.23"]
[Round "3.4"]
[White "Dimitrova, Aleksandra"]
[Black "Kovalevskaya, Ekaterina"]
[Result "1/2-1/2"]
[WhiteTitle "WIM"]
[BlackTitle "IM"]
[WhiteElo "2274"]
[BlackElo "2405"]
[WhiteTeam "Princesses"]
[BlackTeam "Queens"]
[WhiteFideId "24173371"]
[BlackFideId "4116704"]
[EventDate "2017.12.23"]
[EventType "schev (rapid)"]

1. e4 e5 2. Nf3 Nc6 3. Bb5 a6 4. Ba4 d6 5. Bxc6+ bxc6 6. d4 exd4 7. Nxd4 c5 8.
Ne2 Nf6 9. Nbc3 Bb7 10. f3 Be7 11. O-O O-O 12. Be3 Re8 13. Bf2 Nd7 14. Nd5 Bf8
15. c4 c6 16. Ndc3 Nb6 17. Qd3 d5 18. cxd5 cxd5 19. exd5 Nxd5 20. Nxd5 Qxd5 21.
Qxd5 Bxd5 22. Nf4 Bb7 23. Rac1 Rac8 24. Rfd1 g6 25. Rc2 c4 26. Nd5 Bxd5 27. Rxd5
Rc6 28. Kf1 Bg7 29. Bd4 Rec8 30. Bxg7 Kxg7 31. Ra5 Rb6 32. Ra4 Rcb8 33. Raxc4
Rxb2 34. Rxb2 Rxb2 35. Ra4 1/2-1/2

[Event "Nutcracker Rapid w 2017"]
[Site "Moscow RUS"]
[Date "2017.12.23"]
[Round "4.1"]
[White "Solozhenkina, Elizaveta"]
[Black "Grabuzova, Tatiana"]
[Result "1-0"]
[WhiteTitle "WIM"]
[BlackTitle "WGM"]
[WhiteElo "2230"]
[BlackElo "2309"]
[WhiteTeam "Princesses"]
[BlackTeam "Queens"]
[WhiteFideId "34106615"]
[BlackFideId "4108752"]
[EventDate "2017.12.23"]
[EventType "schev (rapid)"]

1. e4 e6 2. d4 d5 3. Nc3 Nf6 4. e5 Nfd7 5. f4 c5 6. Nf3 Nc6 7. Be3 Qb6 8. Na4
Qa5+ 9. c3 b6 10. a3 c4 11. b4 cxb3 12. Qxb3 Ba6 13. Nd2 Bxf1 14. Rxf1 Qa6 15.
f5 Be7 16. fxe6 fxe6 17. Nb2 Na5 18. Qa4 b5 19. Qc2 Nc4 20. Nbxc4 bxc4 21. Ke2
Nb6 22. a4 Qa5 23. g3 Kd7 24. Rf7 g6 25. Bg5 Rae8 26. Qb2 Kd8 27. Rxe7 Rxe7 28.
Qa3 Nc8 29. Rb1 Qc7 30. a5 Ke8 31. Bxe7 Qxe7 32. Qxe7+ Kxe7 33. Rb7+ Kd8 34. Nf3
h6 35. Rg7 g5 36. Rb7 Ke8 37. Ne1 Rg8 38. Nc2 h5 39. Nb4 h4 40. g4 h3 41. Na6
Kd8 42. Nc5 Rg6 43. Nd7 Rg7 44. Nc5 Rxb7 45. Nxb7+ Ke7 46. Kf3 Kf7 47. Kg3 Ke8
48. Kxh3 Ne7 49. Kg3 Ng6 50. Nd6+ Kd7 51. Nf7 Nf4 52. Kf3 Nh3 53. Kg3 Nf4 54.
Nxg5 Ne2+ 55. Kf3 Nxc3 56. Ke3 Nd1+ 57. Ke2 Nc3+ 58. Kd2 Nb5 59. Nf3 Ke7 60. h4
Kf7 61. h5 Kg7 62. g5 a6 63. Ke3 Na7 64. g6 Nc6 65. Ng5 Nd8 66. Nh7 Nc6 67. Nf6
Ne7 68. Ne8+ Kh6 69. g7 Nf5+ 70. Kd2 Nxg7 71. Nc7 Kxh5 72. Nxa6 Ne8 73. Nc5 Nc7
74. a6 Kg4 75. a7 Kf5 76. Ke3 Na8 77. Nd7 Kg5 78. Kd2 Kf5 79. Kc3 Ke4 80. Nc5+
Kf5 81. Kb4 Nc7 82. Ka4 Na8 83. Kb4 Nc7 84. Ka4 Na8 85. Kb5 c3 86. Kc6 c2 87.
Nb3 Ke4 88. Kb7 Kd3 89. Kxa8 Kc3 90. Nc1 Kb2 91. Kb7 Kxc1 92. a8=Q Kb2 93. Qc8
c1=Q 94. Qxc1+ Kxc1 95. Kc6 Kd2 96. Kd6 Kd3 97. Kxe6 Kxd4 98. Kf6 1-0

[Event "Nutcracker Rapid w 2017"]
[Site "Moscow RUS"]
[Date "2017.12.23"]
[Round "4.2"]
[White "Maltsevskaya, Aleksandra"]
[Black "Strutinskaia, Galina"]
[Result "0-1"]
[BlackTitle "WGM"]
[WhiteElo "2276"]
[BlackElo "2243"]
[WhiteTeam "Princesses"]
[BlackTeam "Queens"]
[WhiteFideId "24174041"]
[BlackFideId "4108558"]
[EventDate "2017.12.23"]
[EventType "schev (rapid)"]

1. Nf3 d5 2. g3 c6 3. Bg2 Bf5 4. d3 Nf6 5. O-O e6 6. Nbd2 h6 7. b3 a5 8. a4 Bb4
9. Bb2 O-O 10. Ne5 Nbd7 11. Nxd7 Nxd7 12. e4 Bh7 13. Qe2 Be7 14. f4 Re8 15. Rae1
Bf6 16. e5 Be7 17. g4 Bb4 18. Kh1 b5 19. Qf2 bxa4 20. bxa4 Qb6 21. Bd4 Bc5 22.
Nb3 Bxd4 23. Nxd4 Rab8 24. Rg1 Qc5 25. Rb1 Rb4 26. Rxb4 axb4 27. Qe3 Qa7 28. Ra1
Rb8 29. f5 b3 30. cxb3 Rxb3 31. fxe6 fxe6 32. Rd1 Rb4 33. Nf5 Qxe3 34. Nxe3 Rxa4
35. d4 Bg6 36. h4 Ra3 37. Nf1 Nb6 38. h5 Be4 39. Bxe4 dxe4 40. Re1 Nd5 41. Rxe4
Rd3 42. Kg2 Kf7 43. Kf2 Ke7 44. Ke2 Rh3 45. Kf2 Nc3 46. Rf4 Rd3 47. Rf3 Ne4+ 48.
Ke2 Rxd4 49. Ra3 Nc5 50. Ra7+ Nd7 51. Nd2 Rxg4 52. Kf3 Rd4 53. Ne4 Rd5 54. Nd6
Rxe5 55. Nc8+ Kd8 56. Nd6 Rd5 57. Nc4 Rxh5 58. Na5 Rd5 59. Nxc6+ Ke8 60. Nb4 Rd6
61. Ke4 h5 62. Nd3 g5 63. Ne5 Nxe5 64. Kxe5 Rd7 65. Ra6 Kf7 66. Ra2 Rd5+ 67. Ke4
Kf6 68. Ra8 Rd7 69. Rh8 h4 70. Rh6+ Kg7 71. Rxe6 Rf7 72. Ke5 h3 73. Ra6 h2 74.
Ra1 g4 0-1

[Event "Nutcracker Rapid w 2017"]
[Site "Moscow RUS"]
[Date "2017.12.23"]
[Round "4.3"]
[White "Zaiatz, Elena"]
[Black "Dimitrova, Aleksandra"]
[Result "0-1"]
[WhiteTitle "IM"]
[BlackTitle "WIM"]
[WhiteElo "2345"]
[BlackElo "2274"]
[WhiteTeam "Queens"]
[BlackTeam "Princesses"]
[WhiteFideId "4139518"]
[BlackFideId "24173371"]
[EventDate "2017.12.23"]
[EventType "schev (rapid)"]

1. Nf3 Nf6 2. c4 e6 3. b3 d5 4. e3 Be7 5. Bb2 O-O 6. Nc3 c5 7. cxd5 exd5 8. d4
b6 9. Be2 Nbd7 10. O-O Bb7 11. Rc1 Ne4 12. dxc5 Ndxc5 13. Nb5 a6 14. Nbd4 Bf6
15. h3 Qd7 16. Nh2 g6 17. Rc2 Bg7 18. Qb1 Ne6 19. Ndf3 f5 20. Bxg7 Qxg7 21. Qa1
Qxa1 22. Rxa1 f4 23. Ng4 fxe3 24. fxe3 Rac8 25. Rac1 Rxc2 26. Rxc2 Rc8 27. Rxc8+
Bxc8 28. Nfe5 Nc3 29. Bf3 Kg7 30. h4 d4 31. Kf2 Nxa2 32. Nc4 dxe3+ 33. Kxe3 Nc5
34. Nxb6 Be6 35. Ne5 Nxb3 36. Nc6 Nc3 37. Nd4 Nxd4 38. Kxd4 Nb5+ 39. Kc5 Kf6 40.
Bb7 Nc3 41. Kd4 Ne2+ 42. Ke3 Ng3 43. Bxa6 Nf5+ 44. Kf4 Nxh4 45. Bb7 g5+ 46. Kg3
Nf5+ 47. Kf2 Nd6 48. Bc6 h5 49. Bd5 Bxd5 50. Nxd5+ Ke5 51. Ne3 Ne4+ 52. Kg1 Kf4
53. Nf1 g4 54. Nh2 Ke3 55. Nf1+ Ke2 56. g3 Kf3 0-1

[Event "Nutcracker Rapid w 2017"]
[Site "Moscow RUS"]
[Date "2017.12.23"]
[Round "4.4"]
[White "Kovalevskaya, Ekaterina"]
[Black "Goltseva, Ekaterina"]
[Result "1/2-1/2"]
[WhiteTitle "IM"]
[BlackTitle "WFM"]
[WhiteElo "2405"]
[BlackElo "2208"]
[WhiteTeam "Queens"]
[BlackTeam "Princesses"]
[WhiteFideId "4116704"]
[BlackFideId "24173770"]
[EventDate "2017.12.23"]
[EventType "schev (rapid)"]

1. e4 e5 2. Nf3 Nc6 3. Nc3 Nf6 4. d4 exd4 5. Nxd4 Bb4 6. Nxc6 bxc6 7. Bd3 d5 8.
exd5 cxd5 9. O-O O-O 10. Bg5 c6 11. Qf3 Bd6 12. h3 Rb8 13. b3 Be5 14. Bf4 Bxc3
15. Bxb8 Bxa1 16. Rxa1 Bg4 17. hxg4 1/2-1/2

[Event "Nutcracker Rapid w 2017"]
[Site "Moscow RUS"]
[Date "2017.12.24"]
[Round "5.1"]
[White "Grabuzova, Tatiana"]
[Black "Solozhenkina, Elizaveta"]
[Result "0-1"]
[WhiteTitle "WGM"]
[BlackTitle "WIM"]
[WhiteElo "2309"]
[BlackElo "2230"]
[WhiteTeam "Queens"]
[BlackTeam "Princesses"]
[WhiteFideId "4108752"]
[BlackFideId "34106615"]
[EventDate "2017.12.23"]
[EventType "schev (rapid)"]

1. d4 Nf6 2. c4 g6 3. Nc3 d5 4. cxd5 Nxd5 5. Nf3 Bg7 6. Bd2 O-O 7. e4 Nb6 8. Be3
Bg4 9. Be2 Nc6 10. d5 Bxf3 11. gxf3 Ne5 12. Qb3 Qd7 13. O-O-O a5 14. Qb5 Qxb5
15. Nxb5 Nec4 16. Bd4 c6 17. Bxg7 Kxg7 18. Nc3 cxd5 19. Nxd5 Nxd5 20. Rxd5 Rac8
21. Kb1 b6 22. Rc1 Nd6 23. e5 Nf5 24. f4 e6 25. Rd7 Rfd8 26. Rcd1 Rxd7 27. Rxd7
Rc5 28. Bd3 Nh4 29. Rb7 Nf3 30. b3 Nxh2 31. Rxb6 Rd5 32. Kc2 Nf3 33. Bc4 Rd2+
34. Kb1 Rxf2 35. Ra6 Nd2+ 36. Kc1 Nxc4 37. bxc4 Rxa2 38. c5 Ra4 39. c6 Rxf4 40.
Kb2 Rc4 41. Kb3 Rc5 42. Ka4 h5 0-1

[Event "Nutcracker Rapid w 2017"]
[Site "Moscow RUS"]
[Date "2017.12.24"]
[Round "5.2"]
[White "Strutinskaia, Galina"]
[Black "Maltsevskaya, Aleksandra"]
[Result "0-1"]
[WhiteTitle "WGM"]
[WhiteElo "2243"]
[BlackElo "2276"]
[WhiteTeam "Queens"]
[BlackTeam "Princesses"]
[WhiteFideId "4108558"]
[BlackFideId "24174041"]
[EventDate "2017.12.23"]
[EventType "schev (rapid)"]

1. d4 Nf6 2. c4 g6 3. Nc3 Bg7 4. e4 d6 5. f4 c5 6. d5 O-O 7. Nf3 e6 8. Be2 exd5
9. cxd5 Nbd7 10. O-O Re8 11. Nd2 a6 12. a4 c4 13. Bxc4 Nc5 14. Qc2 Ng4 15. Nf3
Qb6 16. a5 Qc7 17. h3 Nf6 18. e5 Bf5 19. Qe2 Nfe4 20. Nxe4 Nxe4 21. Ra4 Ng3 22.
Qf2 Nxf1 23. Qxf1 Qc5+ 24. Qf2 Qxf2+ 25. Kxf2 Rac8 26. Rb4 dxe5 27. b3 e4 28.
Nh4 Bd7 29. Rxb7 Bb5 30. Bxb5 axb5 31. Be3 Rc2+ 32. Kf1 Ra2 33. Rxb5 Rc8 34. Rc5
Rxc5 35. Bxc5 Rxa5 36. b4 Ra2 37. d6 Rd2 38. Ke1 Bc3 39. Kf1 Kf8 40. b5 Ke8 41.
g3 Rd5 42. Be3 Rxb5 43. f5 Kd7 44. fxg6 hxg6 45. Ng2 Rb1+ 0-1